01091cam a22002771 4500001001300000003000400013005001700017008004100034010001700075035001800092040002600110050002300136051001500159100003300174245004500207260005700252300009400309490004500403500014800448500004500596500002600641504003200667650004900699830004800748999001700796gs 38000069 DLC20260227111342.0720317s1937 oncbf b 000 0 eng  ags 38000069  a(OCoLC)265268 aDLCcOAkUdNSbSUdDLC00aQE185b.A2 no. 206 aQE193b.G81 aGunning, Henry Cecil,d1901-10aCadillac area, Quebec,cby H.C. Gunning. aOttawa,bJ.O. Patenaude, printer to the King,c1937. a80 p.bincl. tables, diagr. 7 plates (incl. col. front.) 2 fold maps (in pocket)c25 cm.1 aGeological Survey of Canada. Memoirv206 aAt head of title: Canada. Department of mines and resources. Mines and geology branch. Bureau of geology and topography. Geological survey. aIn lower right corner of t.-p.: no.2434. aErrata slip inserted. a"Selected references": p.2. 0aGeologyzQuébec (Province)zCadillac area. 0aMemoir (Geological Survey of Canada) ;v206 c27419d27419